000
00335nam a2200133Ia 4500
008
220204s9999 xx 000 0 und d
082
_a
635.9
_b
RAN
100
_a
RANDALL, Harry
245
0
_a
Growing chrysanthemums
260
_a
London
_b
Croom Helm
_c
1983
650
_a
Chrysanthemum cultivation
700
_a
WREN, Alan
942
_c
BK
999
_c
38038
_d
38038